Ekonomika sveta v dosahu krízy
Správa Medzinárodného menového fondu o vývoji svetovej ekonomiky do konca roku 1998 (globálna ekonomická recesia). Pretrvávajúca ázijská kríza. Predpokladanú dvojpercentnú úroveň celosvetového rastu HDP udrží len USA, EÚ a Čína. Japonský program na podporu krízového ázijského regiónu. Využitie niekt...
Na minha lista:
| Autor principal: | |
|---|---|
| Formato: | Capítulo de Livro |
| Idioma: | eslovaco |
| Assuntos: | |
| Tags: |
Sem tags, seja o primeiro a adicionar uma tag!
|
MARC
| LEADER | 00000naa a2200000 4500 | ||
|---|---|---|---|
| 001 | r032980 | ||
| 005 | 20230824095323.0 | ||
| 041 | 0 | |a slo | |
| 044 | |a SK | ||
| 245 | 1 | 0 | |a Ekonomika sveta v dosahu krízy |c Jaroslav Brabec |
| 520 | |a Správa Medzinárodného menového fondu o vývoji svetovej ekonomiky do konca roku 1998 (globálna ekonomická recesia). Pretrvávajúca ázijská kríza. Predpokladanú dvojpercentnú úroveň celosvetového rastu HDP udrží len USA, EÚ a Čína. Japonský program na podporu krízového ázijského regiónu. Využitie niektorých ideí Bretton Woodskeho systému pevných menových kurzov v pláne Medzinárodného menového fondu. | ||
| 610 | 2 | 0 | |a úpadok hospodársky |
| 610 | 2 | 0 | |a recesia |
| 610 | 2 | 0 | |a hospodárstvo svetové |
| 610 | 2 | 0 | |a kríza hospodárska |
| 610 | 2 | 0 | |a problémy globálne |
| 610 | 2 | 0 | |a produkt domáci hrubý |
| 610 | 2 | 0 | |a kríza finančná |
| 610 | 2 | 0 | |a kurz menový |
| 610 | 2 | 0 | |a dohody Bretton-Woodske |
| 610 | 2 | 0 | |a Japonsko |
| 610 | 2 | 0 | |a Medzinárodný menový fond |
| 610 | 2 | 0 | |a USA |
| 610 | 2 | 0 | |a Európska únia |
| 610 | 2 | 0 | |a Čína |
| 100 | 1 | |a Brabec, Jaroslav | |